| 000 | 01022nam a22002177a 4500 | ||
|---|---|---|---|
| 999 |
_c4274 _d4274 |
||
| 003 | OSt | ||
| 005 | 20250204152410.0 | ||
| 008 | 250204b ||||| |||| 00| 0 eng d | ||
| 020 | _a9780174247975 | ||
| 040 | _cKH8 | ||
| 082 | _a400 JAC | ||
| 100 |
_aJackman, John, _eauthor. |
||
| 245 |
_aDeveloping Non- Fiction Skills / _cJohn Jackman and Wendy Wren. |
||
| 260 |
_aUnited Kingdom ; _bOxford University Press, _c2000. |
||
| 300 |
_a80 pages : _bcolor illustrations ; _c28 cm. |
||
| 520 | _aThe Developing Fiction Skills and Developing Non-Fiction Skills pupil books explore a wide range of texts using parallel themes. Each book contains twelve units offering four units per term. The parallel themes common to both the Fiction and Non-Fiction strands allow for comparison, an exploration of the same theme in different text types and effectively integrates the teaching of non-fiction. | ||
| 650 |
_aEnglish _v practice book |
||
| 650 |
_aEnglish _vexercises |
||
| 700 |
_aWren, Wendy, _eauthor. |
||
| 942 |
_2ddc _cNFIC |
||